Pays traversés par le tropique du Cancer - Statistiques

Statistiques générales
  • Ce quiz a été pris 36 fois
  • Le résultat moyen est 15 sur 17
Réponses sur la Carte
Les réponses sont colorées sur une échelle allant du rouge au vert en fonction du pourcentage des utilisateurs qui les ont devinées à leur premier essai. Vous pouvez retrouver ces pourcentages ci-dessous.
 
Statistiques - réponses
Pays % Correct
Mexique
100%
Algérie
97%
Arabie Saoudite
97%
Inde
97%
Libye
97%
Maroc
97%
Birmanie
94%
Chine
94%
Egypte
94%
Emirats Arabes Unis
91%
Bangladesh
86%
Mauritanie
83%
Taïwan
83%
Mali
80%
Oman
80%
Bahamas
77%
Niger
71%
Aucun quiz correspondant
Distribution des résultats
% des personnes avec chaque résultat
Percentile par nombre de réponses
Votre historique - résultats
Vous n’avez pas pris ce quiz